[Event "CAN op"]
[Site "Hamilton CAN"]
[Date "2022.07.12"]
[Round "1.63"]
[White "Rajsic, Branislav"]
[Black "Dhaliwal, Jatinder"]
[Result "1-0"]
[WhiteElo "1738"]
[BlackElo "1377"]
[PlyCount "97"]
[EventDate "2022.07.12"]
[EventType "swiss"]
[EventRounds "9"]
[EventCountry "CAN"]

1. e4 b6 2. d4 Bb7 3. Nc3 e6 4. Nf3 Bb4 5. Bd3 Ne7 6. O-O Ng6 7. a3 Be7 8. Re1
d6 9. Ne2 Nd7 10. Ng3 h5 11. h3 h4 12. Nf1 c6 13. c4 Qc7 14. b4 a6 15. Bd2 f6
16. Rc1 Ngf8 17. d5 g5 18. Nd4 Ne5 19. Bb1 exd5 20. cxd5 c5 21. bxc5 bxc5 22.
Nf5 Rg8 23. N1e3 Nfg6 24. Nc4 Nxc4 25. Rxc4 Ne5 26. Rc1 g4 27. hxg4 Nxg4 28.
Nh6 Nxh6 29. Bxh6 O-O-O 30. Bf4 Qd7 31. Qf3 Rg4 32. Kh2 Rdg8 33. Rg1 Qe8 34.
Be3 Kd8 35. Bd2 Qh5 36. Kh1 Qh8 37. Bd3 Rg3 38. Qe2 Bc8 39. Bxa6 h3 40. fxg3
hxg2+ 41. Kxg2 Qh3+ 42. Kf2 Rxg3 43. Rxg3 Qh2+ 44. Rg2 Qh4+ 45. Kg1 Bh3 46.
Ba5+ Ke8 47. Bb5+ Kf7 48. Be1 Qg5 49. Rxg5 1-0

[Event "CAN op"]
[Site "Hamilton CAN"]
[Date "2022.07.12"]
[Round "1.65"]
[White "Mok, Gillian"]
[Black "Mourgelas, James"]
[Result "1-0"]
[WhiteElo "1735"]
[BlackElo "1346"]
[PlyCount "31"]
[EventDate "2022.07.12"]
[EventType "swiss"]
[EventRounds "9"]
[EventCountry "CAN"]

1. e4 g6 2. d4 d6 3. Nf3 Bg7 4. c4 b6 5. Nc3 Bb7 6. Be3 Nd7 7. Bd3 c5 8. d5 Bc8
9. O-O Ne5 10. Nxe5 Bxe5 11. f4 Bg7 12. Qf3 Nh6 13. f5 O-O 14. Qh3 gxf5 15.
Bxh6 fxe4 16. Qg3 1-0

[Event "CAN op"]
[Site "Hamilton CAN"]
[Date "2022.07.12"]
[Round "1.66"]
[White "Stajov, George"]
[Black "Wu, Lucian"]
[Result "0-1"]
[WhiteElo "1345"]
[BlackElo "1726"]
[PlyCount "76"]
[EventDate "2022.07.12"]
[EventType "swiss"]
[EventRounds "9"]
[EventCountry "CAN"]

1. d4 Nf6 2. c4 g6 3. Nc3 Bg7 4. e4 d6 5. Nf3 O-O 6. Be2 e5 7. d5 Nbd7 8. b4 a5
9. bxa5 Rxa5 10. O-O Nc5 11. Qc2 Nh5 12. Re1 f5 13. Nd2 Qf6 14. Bxh5 gxh5 15.
Nf3 f4 16. Qe2 h4 17. Bd2 Rf7 18. Rf1 Bg4 19. h3 Bh5 20. Nb1 Ra8 21. Bb4 Nd7
22. Nbd2 Bf8 23. Qd3 Rg7 24. Ne1 Be7 25. f3 Be8 26. Rf2 Nb6 27. Nb3 Na4 28. Qc2
b6 29. Nd3 Bd7 30. Kh2 Kf7 31. Rff1 Rag8 32. Rg1 Rg3 33. Be1 R3g6 34. Qe2 Qg5
35. Bd2 Qg3+ 36. Kh1 Bxh3 37. Be1 Bxg2+ 38. Rxg2 Qh3+ 0-1

[Event "CAN op"]
[Site "Hamilton CAN"]
[Date "2022.07.12"]
[Round "1.67"]
[White "Belanger, Colton"]
[Black "Katrib, Jordan"]
[Result "0-1"]
[WhiteElo "1725"]
[BlackElo "1344"]
[PlyCount "72"]
[EventDate "2022.07.12"]
[EventType "swiss"]
[EventRounds "9"]
[EventCountry "CAN"]

1. e4 c5 2. Nf3 Nc6 3. d4 cxd4 4. Nxd4 Nf6 5. Nc3 e5 6. Ndb5 d6 7. Bg5 a6 8.
Na3 b5 9. Bxf6 gxf6 10. Nd5 Bg7 11. c3 Ne7 12. Nc2 f5 13. exf5 Bxf5 14. Nce3
Be6 15. g3 Rc8 16. Bg2 O-O 17. O-O f5 18. Qh5 Ng6 19. Rfd1 f4 20. Ng4 Kh8 21.
Be4 Bf7 22. gxf4 Rc4 23. Bf5 Rc5 24. fxe5 Bxd5 25. Bxg6 Bg8 26. b4 Rc4 27. Rxd6
Qa8 28. Nf6 h6 29. Rad1 Rf4 30. R1d2 Qc8 31. h3 Qxc3 32. Nxg8 Rxf2 33. R6d3
Rf1+ 34. Kg2 Qc1 35. Rd1 R8f2+ 36. Kg3 Qf4# 0-1

[Event "CAN op"]
[Site "Hamilton CAN"]
[Date "2022.07.12"]
[Round "1.68"]
[White "Narula, Japveer"]
[Black "Trofimov-Malyshkin, Valentyn"]
[Result "0-1"]
[WhiteElo "1326"]
[BlackElo "1717"]
[PlyCount "110"]
[EventDate "2022.07.12"]
[EventType "swiss"]
[EventRounds "9"]
[EventCountry "CAN"]

1. e4 e5 2. Nf3 Nc6 3. Bb5 a6 4. Ba4 Nf6 5. O-O Be7 6. Re1 b5 7. Bb3 d6 8. c3
O-O 9. h3 Bb7 10. d4 h6 11. Nbd2 Re8 12. Nf1 Bf8 13. Ng3 g6 14. Be3 exd4 15.
cxd4 Nxe4 16. Nxe4 Rxe4 17. Qd3 Na5 18. Bc2 Re8 19. d5 Bg7 20. Rad1 Nc4 21. Bd4
Nxb2 22. Bxb2 Bxb2 23. Rxe8+ Qxe8 24. Re1 Qd7 25. Nh4 Re8 26. Rxe8+ Qxe8 27.
Qd2 Bg7 28. Nf3 Qe7 29. Bb3 Qe4 30. Bc2 Qxd5 31. Qxd5 Bxd5 32. Bb3 Bxb3 33.
axb3 Bc3 34. Kf1 f5 35. Ke2 d5 36. Kd3 Bf6 37. Nd4 Bxd4 38. Kxd4 c6 39. b4 Kf7
40. f4 Ke6 41. g4 fxg4 42. hxg4 h5 43. gxh5 gxh5 44. Ke3 h4 45. Kf3 d4 46. Kg4
d3 47. Kf3 h3 48. Kf2 h2 49. Kg2 d2 50. Kxh2 d1=Q 51. Kg3 Qd3+ 52. Kg4 Qe2+ 53.
Kg5 Qg2+ 54. Kh6 Kf6 55. Kh7 Qg7# 0-1

[Event "CAN op"]
[Site "Hamilton CAN"]
[Date "2022.07.12"]
[Round "1.69"]
[White "Young, Alex"]
[Black "Pickard, Michael"]
[Result "1-0"]
[WhiteElo "1713"]
[BlackElo "1324"]
[PlyCount "59"]
[EventDate "2022.07.12"]
[EventType "swiss"]
[EventRounds "9"]
[EventCountry "CAN"]

1. d4 d5 2. Bf4 Nf6 3. Nf3 e6 4. e3 c5 5. c3 c4 6. Nbd2 Ne4 7. Nxe4 dxe4 8. Nd2
b5 9. Nxe4 f5 10. Nd2 Bd6 11. Qf3 Qb6 12. Bxd6 Bb7 13. Qg3 Kf7 14. Nf3 Bxf3 15.
gxf3 Nd7 16. Be5 Rhg8 17. a3 g5 18. Be2 h5 19. h4 g4 20. Qf4 Qc6 21. e4 Rg6 22.
fxg4 Rag8 23. g5 Ke8 24. Bxh5 fxe4 25. O-O-O Nf8 26. Bd6 Nd7 27. Rhe1 e5 28.
dxe5 Kd8 29. Bxg6 Rxg6 30. Qxe4 1-0

[Event "CAN op"]
[Site "Hamilton CAN"]
[Date "2022.07.12"]
[Round "1.70"]
[White "Deshpande, Nevin"]
[Black "Hettigama, Thusitha"]
[Result "1/2-1/2"]
[WhiteElo "1322"]
[BlackElo "1711"]
[PlyCount "109"]
[EventDate "2022.07.12"]
[EventType "swiss"]
[EventRounds "9"]
[EventCountry "CAN"]

1. c4 Nf6 2. Nc3 g6 3. e4 d6 4. d4 Bg7 5. g3 O-O 6. Bg2 Nbd7 7. Nge2 e5 8. O-O
c6 9. Rb1 Qe7 10. b4 exd4 11. Nxd4 Ne5 12. Qe2 Nh5 13. b5 Bg4 14. f3 Nxf3+ 15.
Nxf3 Bxc3 16. Qd3 Bg7 17. bxc6 bxc6 18. Nd4 Qc7 19. e5 dxe5 20. Nxc6 Bf5 21.
Rxf5 gxf5 22. Qxf5 Nf6 23. Bg5 Qd6 24. Rf1 Rac8 25. Bxf6 Qxf6 26. Qxf6 Bxf6 27.
Rxf6 Kg7 28. Rd6 Rc7 29. Nxe5 Re8 30. Rd7 Rxd7 31. Nxd7 Re2 32. a4 f6 33. c5
Kf7 34. c6 Ke7 35. Nxf6 Kxf6 36. Bh3 Rc2 37. Bd7 h6 38. h4 Ke7 39. g4 Ra2 40.
g5 hxg5 41. hxg5 Rxa4 42. Kf2 Ra5 43. g6 Rg5 44. Ke3 Rxg6 45. Kd4 Rg5 46. Kc4
Kd6 47. Kb4 Kc7 48. Ka4 Kb6 49. Kb4 Re5 50. Ka4 Re4+ 51. Kb3 Rd4 52. Kc3 Rd5
53. Kb4 Rb5+ 54. Ka4 Ra5+ 55. Kb4 1/2-1/2

[Event "CAN op"]
[Site "Hamilton CAN"]
[Date "2022.07.12"]
[Round "1.71"]
[White "Chen, Ricky"]
[Black "Naidoo, Yedishtra"]
[Result "1-0"]
[WhiteElo "1709"]
[BlackElo "1313"]
[PlyCount "123"]
[EventDate "2022.07.12"]
[EventType "swiss"]
[EventRounds "9"]
[EventCountry "CAN"]

1. e4 c5 2. Nf3 d6 3. c3 Nf6 4. Be2 Nc6 5. d4 e6 6. Qc2 Be7 7. O-O O-O 8. Rd1
Qb6 9. d5 Ne5 10. Nxe5 dxe5 11. c4 Bd7 12. Nc3 a6 13. a4 Rac8 14. Bg5 exd5 15.
exd5 Qd6 16. Bd3 g6 17. h4 Bd8 18. Bf1 Bc7 19. g3 Kg7 20. Qd2 Rfe8 21. Bxf6+
Qxf6 22. Ne4 Qd8 23. Nxc5 Bg4 24. Rdc1 Bb6 25. Ne4 Bd4 26. Qb4 Rf8 27. Qd2 f5
28. Ng5 f4 29. Kg2 fxg3 30. f3 h6 31. fxg4 hxg5 32. Qxg5 Qxg5 33. hxg5 Bxb2 34.
Kxg3 e4 35. Be2 e3 36. Rab1 Bxc1 37. Rxc1 Rf2 38. Re1 a5 39. Bd3 Rcf8 40. Rxe3
Rd2 41. d6 b6 42. d7 Rd8 43. Re7+ Kf8 44. Re8+ Rxe8 45. dxe8=Q+ Kxe8 46. Bxg6+
Ke7 47. Be4 Ra2 48. Bc6 Kf7 49. Kf4 Rd2 50. Kf5 Rf2+ 51. Ke5 Kg6 52. Kd6 Kxg5
53. Kc7 Rb2 54. Bb5 Kxg4 55. Kxb6 Kf5 56. Kxa5 Ke6 57. Kb6 Kd6 58. a5 Ke7 59.
a6 Kd8 60. Kb7 Rg2 61. a7 Rg7+ 62. Kb8 1-0

[Event "CAN op"]
[Site "Hamilton CAN"]
[Date "2022.07.12"]
[Round "1.72"]
[White "Chen, Sam"]
[Black "Jizan, Masoud"]
[Result "0-1"]
[WhiteElo "1299"]
[BlackElo "1694"]
[PlyCount "26"]
[EventDate "2022.07.12"]
[EventType "swiss"]
[EventRounds "9"]
[EventCountry "CAN"]

1. e4 c5 2. Nf3 d6 3. d4 cxd4 4. Nxd4 Nc6 5. Be3 Nf6 6. Nc3 Bd7 7. Be2 g6 8.
Qd2 Bg7 9. O-O-O Qa5 10. Bh6 Nxe4 11. Nxc6 Bxc6 12. Nxe4 Qxa2 13. Nc3 Qa1+ 0-1

[Event "CAN op"]
[Site "Hamilton CAN"]
[Date "2022.07.12"]
[Round "1.73"]
[White "Garel, Rick"]
[Black "Xu, Hannah"]
[Result "1/2-1/2"]
[WhiteElo "1688"]
[BlackElo "1295"]
[PlyCount "51"]
[EventDate "2022.07.12"]
[EventType "swiss"]
[EventRounds "9"]
[EventCountry "CAN"]

1. e4 e6 2. d3 d5 3. Nc3 Nf6 4. g3 c5 5. Bg2 d4 6. Nce2 e5 7. Nf3 Nc6 8. O-O
Be7 9. a4 a5 10. Nd2 Be6 11. f4 Ng4 12. Nf3 Bd6 13. h3 Nf6 14. f5 Bd7 15. g4
Ng8 16. Ng3 f6 17. Nd2 h6 18. Nc4 Qc7 19. Bd2 b6 20. Qe2 Bc8 21. Nh5 Kf8 22. h4
Ba6 23. Nxd6 Qxd6 24. g5 Qe7 25. g6 Qd6 26. b3 1/2-1/2

[Event "CAN op"]
[Site "Hamilton CAN"]
[Date "2022.07.12"]
[Round "1.74"]
[White "Lu, Aiden"]
[Black "Mutyalapati, Modith Aaroh"]
[Result "0-1"]
[WhiteElo "1291"]
[BlackElo "1688"]
[PlyCount "120"]
[EventDate "2022.07.12"]
[EventType "swiss"]
[EventRounds "9"]
[EventCountry "CAN"]

1. e4 c5 2. Nf3 d6 3. d4 cxd4 4. Nxd4 Nf6 5. Nc3 g6 6. Be3 Bg7 7. Be2 O-O 8.
O-O Nc6 9. Nb3 Bd7 10. Qd2 Rc8 11. Bh6 Ne5 12. Bxg7 Kxg7 13. h3 Nc4 14. Bxc4
Rxc4 15. Rfe1 Qc7 16. Rad1 b5 17. a3 a5 18. Rc1 b4 19. axb4 axb4 20. Nd5 Nxd5
21. exd5 e5 22. Re3 Rc8 23. c3 Ba4 24. Na1 b3 25. Rce1 f5 26. f3 Qc5 27. Kh1
Rb8 28. g3 Rb5 29. Rd1 Rb6 30. Rde1 Qa5 31. Rd1 Bd7 32. Ree1 f4 33. gxf4 Rxf4
34. Rf1 Bxh3 35. Rf2 Ra4 36. Rh2 Rxa1 37. Rxh3 Rxd1+ 38. Qxd1 Qa4 39. Qg1 Rb7
40. Kg2 Rf7 41. Qh2 Kg8 42. Rh4 Qa6 43. Kg3 Qd3 44. Qf2 Qxd5 45. f4 g5 46. Rg4
exf4+ 47. Kh2 h5 48. Rg1 g4 49. Qe2 Qe5 50. Qxe5 dxe5 51. Re1 Re7 52. Kg2 e4
53. c4 e3 54. c5 h4 55. c6 f3+ 56. Kh2 f2 57. Rc1 g3+ 58. Kg2 e2 59. c7 Rxc7
60. Rxc7 f1=Q# 0-1

[Event "CAN op"]
[Site "Hamilton CAN"]
[Date "2022.07.12"]
[Round "1.75"]
[White "Schneider, Mitchell"]
[Black "Bruneau, Gilles"]
[Result "1/2-1/2"]
[WhiteElo "1684"]
[BlackElo "1290"]
[PlyCount "109"]
[EventDate "2022.07.12"]
[EventType "swiss"]
[EventRounds "9"]
[EventCountry "CAN"]

1. d4 Nf6 2. c4 g6 3. Nc3 d6 4. Nf3 Bg7 5. Bg5 O-O 6. e3 b6 7. Be2 Bb7 8. O-O
Nbd7 9. Qc2 Re8 10. Rfd1 e5 11. dxe5 Nxe5 12. Nxe5 Rxe5 13. Bf4 Re8 14. Rac1
Rc8 15. b4 Ne4 16. Nxe4 Bxe4 17. Qa4 Bb2 18. c5 Bxc1 19. Rxc1 dxc5 20. bxc5 Qd2
21. Qc4 b5 22. Qc3 Qxc3 23. Rxc3 Red8 24. f3 Bc6 25. Ra3 Rd2 26. Kf1 Rc2 27.
Rxa7 Rxc5 28. Bxc7 Bxf3 29. gxf3 R8xc7 30. Rxc7 Rxc7 31. Bxb5 Rc1+ 32. Kg2 Rc2+
33. Kg3 Rxa2 34. e4 Ra5 35. Bc6 Kg7 36. h4 f6 37. Bd5 f5 38. Kf4 Ra4 39. h5
fxe4 40. fxe4 Kf6 41. Bg8 g5+ 42. Kf3 h6 43. Bh7 Ke5 44. Bf5 Ra3+ 45. Kg4 Re3
46. Bg6 Rxe4+ 47. Bxe4 Kxe4 48. Kg3 Kf5 49. Kh3 g4+ 50. Kh4 g3 51. Kxg3 Kg5 52.
Kh3 Kxh5 53. Kg3 Kg5 54. Kh3 h5 55. Kg3 1/2-1/2

[Event "CAN op"]
[Site "Hamilton CAN"]
[Date "2022.07.12"]
[Round "1.76"]
[White "Russell, Wesley"]
[Black "Chhatralia, Bhavik"]
[Result "0-1"]
[WhiteElo "1287"]
[BlackElo "1683"]
[PlyCount "98"]
[EventDate "2022.07.12"]
[EventType "swiss"]
[EventRounds "9"]
[EventCountry "CAN"]

1. e4 e5 2. Nc3 Nc6 3. g3 Nf6 4. Bg2 Bc5 5. Nge2 d6 6. d3 Ng4 7. O-O Be6 8. h3
Nf6 9. Kh2 d5 10. exd5 Bxd5 11. Nxd5 Nxd5 12. f4 f6 13. fxe5 fxe5 14. Nc3 Nf6
15. Ne4 Be7 16. Be3 Qd7 17. Nc5 Bxc5 18. Bxc5 O-O-O 19. b4 h6 20. b5 Nd4 21.
Bxd4 Qxd4 22. Qf3 Qd5 23. Qf5+ Qd7 24. Qxe5 Rhe8 25. Qb2 Re2 26. Rae1 Rde8 27.
Rxe2 Rxe2 28. Kh1 Qd6 29. Rf3 Nh5 30. g4 Re1+ 31. Bf1 Qd5 32. Kg2 Rxf1 33. Kxf1
Qxf3+ 34. Ke1 Nf4 35. Qe5 Ng2+ 36. Kd2 Qf4+ 37. Qxf4 Nxf4 38. h4 Ng6 39. h5 Ne5
40. g5 Nf3+ 41. Ke3 Nxg5 42. Kf4 Nf7 43. a4 Kd7 44. Kf5 Kd6 45. d4 Kd5 46. c3
Nd6+ 47. Kf4 Ne4 48. c4+ Kxd4 49. Kf5 Nd6+ 0-1

[Event "CAN op"]
[Site "Hamilton CAN"]
[Date "2022.07.12"]
[Round "1.77"]
[White "Zhang, Raymond Tangning"]
[Black "Dennahower, Michael"]
[Result "1-0"]
[WhiteElo "1682"]
[BlackElo "1281"]
[PlyCount "75"]
[EventDate "2022.07.12"]
[EventType "swiss"]
[EventRounds "9"]
[EventCountry "CAN"]

1. d4 Nf6 2. Nf3 g6 3. c4 Bg7 4. Nc3 O-O 5. e4 d6 6. Be2 Nbd7 7. O-O e5 8. Re1
exd4 9. Nxd4 a5 10. a3 Re8 11. f3 Nc5 12. Bg5 h6 13. Bh4 g5 14. Bf2 a4 15. Ndb5
Nfd7 16. Qc2 b6 17. Rad1 Bb7 18. Nd4 f6 19. Nf5 Bc6 20. h4 Nf8 21. hxg5 hxg5
22. g3 Nfe6 23. Kg2 Kf7 24. Nd5 Bxd5 25. cxd5 Nf8 26. Bb5 Nfd7 27. Bxc5 bxc5
28. Bxa4 Rh8 29. Bxd7 Qxd7 30. Rh1 Qb5 31. Rxh8 Rxh8 32. Rd3 Rc8 33. Qb3 Qa6
34. Rd2 Qa7 35. Qb5 Rd8 36. Rd3 Kg6 37. Ne7+ Kh7 38. Nc6 1-0

[Event "CAN op"]
[Site "Hamilton CAN"]
[Date "2022.07.12"]
[Round "1.78"]
[White "Basi, Karandeep"]
[Black "Eiserloh, Clement"]
[Result "1-0"]
[WhiteElo "1280"]
[BlackElo "1678"]
[PlyCount "135"]
[EventDate "2022.07.12"]
[EventType "swiss"]
[EventRounds "9"]
[EventCountry "CAN"]

1. c4 Nf6 2. g3 c5 3. Bg2 e6 4. Nc3 Be7 5. Nf3 O-O 6. O-O d5 7. cxd5 exd5 8. d4
h6 9. Qc2 Nc6 10. Rd1 c4 11. a3 Bg4 12. Ne5 Be6 13. Nxc6 bxc6 14. e4 Qb6 15. e5
Nd7 16. Be3 Rab8 17. Rd2 Qb3 18. Qb1 Rb7 19. f4 Bg4 20. h3 Bh5 21. g4 Bg6 22.
f5 Bh7 23. Qe1 Re8 24. h4 Qb6 25. Qf2 Qd8 26. h5 Bh4 27. Qf3 Bg5 28. Bxg5 Qxg5
29. Rf2 Kh8 30. Re1 Nf6 31. Bh3 Rb3 32. Rfe2 Nxh5 33. e6 Nf4 34. exf7 Nxe2+ 35.
Rxe2 Rf8 36. Re8 Rb8 37. Qe2 Qf6 38. Rxb8 Rxb8 39. Qe8+ Rxe8 40. fxe8=Q+ Bg8
41. Qe3 c5 42. Qe5 Qb6 43. Na4 Qb3 44. Nc3 cxd4 45. Qxd4 Qxb2 46. a4 a6 47. Bg2
Bf7 48. Kh2 Bg8 49. Kg3 Bf7 50. Bf3 Qa1 51. Kf4 Qc1+ 52. Kg3 Qa1 53. Kh4 Qb2
54. Kg3 Qa1 55. f6 Qe1+ 56. Kg2 gxf6 57. Qxf6+ Kg8 58. Qd4 Kf8 59. Bxd5 Bxd5+
60. Nxd5 Qe2+ 61. Qf2+ Qxf2+ 62. Kxf2 Kf7 63. Ke3 Kg6 64. Kd4 Kg5 65. Ne3 Kf4
66. Nf5 h5 67. gxh5 Kxf5 68. Kxc4 1-0

[Event "CAN op"]
[Site "Hamilton CAN"]
[Date "2022.07.12"]
[Round "1.79"]
[White "Jiang, David"]
[Black "Hartman, Liam"]
[Result "1-0"]
[WhiteElo "1678"]
[BlackElo "1268"]
[PlyCount "72"]
[EventDate "2022.07.12"]
[EventType "swiss"]
[EventRounds "9"]
[EventCountry "CAN"]

1. d4 Nf6 2. Nf3 e6 3. c4 b6 4. Nc3 Bb4 5. Bg5 Ba6 6. e4 Be7 7. Bd3 d6 8. O-O
Nbd7 9. Qc2 c5 10. d5 e5 11. Qd2 h6 12. Bh4 Nxe4 13. Nxe4 Bxh4 14. Nxd6+ Kf8
15. Nf5 Bg5 16. Qc2 Nf6 17. Nxe5 g6 18. Ng3 Qc7 19. f4 Bxf4 20. Rxf4 Qxe5 21.
Qf2 Kg7 22. Rf1 Rhe8 23. Rxf6 Qd4 24. Qxd4 cxd4 25. Rxf7+ Kg8 26. b3 Re3 27.
Bxg6 b5 28. R7f6 bxc4 29. Rxa6 c3 30. Rc6 Re5 31. d6 Re6 32. Bf7+ Kg7 33. Bxe6
Rd8 34. d7 a5 35. Rc8 Kg6 36. Rxd8 c2 1-0

[Event "CAN op"]
[Site "Hamilton CAN"]
[Date "2022.07.12"]
[Round "1.80"]
[White "Buchatsky, Joseph"]
[Black "Li, Justin"]
[Result "1-0"]
[WhiteElo "1258"]
[BlackElo "1658"]
[PlyCount "83"]
[EventDate "2022.07.12"]
[EventType "swiss"]
[EventRounds "9"]
[EventCountry "CAN"]

1. e4 c6 2. d4 d5 3. Nc3 dxe4 4. Nxe4 Bf5 5. Ng3 Bg6 6. Nf3 Nf6 7. Ne5 e6 8.
Nxg6 hxg6 9. Bg5 Qa5+ 10. Qd2 Bb4 11. c3 Be7 12. Bd3 Nbd7 13. b4 Qd8 14. a4 O-O
15. O-O e5 16. dxe5 Nxe5 17. Be2 Qc7 18. Rfd1 Rad8 19. Qb2 Nd5 20. Bxe7 Qxe7
21. Ne4 Nf4 22. Bf1 Ned3 23. Bxd3 Nxd3 24. Qe2 Nf4 25. Qf3 Ne6 26. Qe3 Rd7 27.
Rxd7 Qxd7 28. Qxa7 Rd8 29. Qe3 Qd5 30. f3 Qc4 31. Nf2 Rd5 32. a5 Qh4 33. g3 Qh5
34. Kg2 Re5 35. Qa7 Qf5 36. Qxb7 Ng5 37. Qxc6 Re3 38. f4 Re2 39. Kf1 Rxf2+ 40.
Kxf2 Qc2+ 41. Ke3 Nh3 42. Qc8+ 1-0

[Event "CAN op"]
[Site "Hamilton CAN"]
[Date "2022.07.12"]
[Round "1.81"]
[White "Zhu, Charis"]
[Black "Holmgren, Emilian"]
[Result "1-0"]
[WhiteElo "1640"]
[BlackElo "1226"]
[PlyCount "59"]
[EventDate "2022.07.12"]
[EventType "swiss"]
[EventRounds "9"]
[EventCountry "CAN"]

1. d4 d5 2. Bf4 Nf6 3. Nf3 Nc6 4. e3 Bg4 5. Bb5 Qd7 6. Ne5 Bxd1 7. Nxd7 Nxd7 8.
Kxd1 e5 9. dxe5 Ncxe5 10. Bxe5 c6 11. Bxc6 bxc6 12. Bg3 Bc5 13. c3 Nf6 14. Nd2
h5 15. h3 O-O-O 16. Kc2 Rh6 17. Bh4 Re8 18. Bxf6 Rxf6 19. Nf3 g6 20. Rhf1 Rf5
21. Nd4 Rf6 22. Kd3 Bb6 23. b4 a5 24. a4 Kd7 25. bxa5 Bxa5 26. Nb3 Ra8 27. c4
Kd6 28. c5+ Ke5 29. Nd4 Bb4 30. f4+ 1-0

[Event "CAN op"]
[Site "Hamilton CAN"]
[Date "2022.07.12"]
[Round "1.82"]
[White "Liu, Sean"]
[Black "Maheux, Pierre"]
[Result "1-0"]
[WhiteElo "1208"]
[BlackElo "1624"]
[PlyCount "83"]
[EventDate "2022.07.12"]
[EventType "swiss"]
[EventRounds "9"]
[EventCountry "CAN"]

1. e4 c5 2. Nf3 Nc6 3. Bb5 d6 4. O-O a6 5. Bxc6+ bxc6 6. Nc3 e5 7. d3 Be7 8. h3
f5 9. exf5 Bxf5 10. Re1 Nf6 11. Ne4 O-O 12. Ng3 Bd7 13. c3 Qc8 14. Be3 Rb8 15.
b3 Bxh3 16. gxh3 Qxh3 17. Nh2 h5 18. Qf3 Ng4 19. Qg2 Qh4 20. Nxh5 Qxh2+ 21.
Qxh2 Nxh2 22. Kxh2 Kf7 23. Ng3 Kf6 24. Kg2 g6 25. Rh1 Rh8 26. Ne4+ Kf5 27. Ng3+
Kf6 28. Rxh8 Rxh8 29. Rh1 Rxh1 30. Kxh1 a5 31. Kg2 d5 32. c4 Ke6 33. Bd2 Bd8
34. Kf3 Kf6 35. Kg4 Ke6 36. Ne2 Kd6 37. Ng1 Ke6 38. Nf3 e4 39. dxe4 d4 40. Ng5+
Bxg5 41. Kxg5 Ke5 42. f3 1-0

[Event "CAN op"]
[Site "Hamilton CAN"]
[Date "2022.07.12"]
[Round "1.83"]
[White "Ali, Shafkat"]
[Black "Byun, Jae Hyun"]
[Result "1-0"]
[WhiteElo "1619"]
[BlackElo "1184"]
[PlyCount "71"]
[EventDate "2022.07.12"]
[EventType "swiss"]
[EventRounds "9"]
[EventCountry "CAN"]

1. e4 c5 2. Nf3 d6 3. d4 cxd4 4. Nxd4 Nf6 5. Nc3 g6 6. Be3 Bg7 7. f3 O-O 8. Bc4
Nc6 9. Qd2 Nxd4 10. Bxd4 Be6 11. Nd5 Bxd5 12. exd5 Qc7 13. Bb3 a5 14. a4 Rfc8
15. O-O Nd7 16. Bxg7 Kxg7 17. f4 Nc5 18. f5 Nxb3 19. cxb3 Qc2 20. Qd4+ f6 21.
fxg6 hxg6 22. Rae1 Rc7 23. Re3 Qc5 24. Qe4 Qc2 25. Qxc2 Rxc2 26. Rxe7+ Kf8 27.
Rxb7 Rxb2 28. Rxf6+ Ke8 29. Rxg6 Kf8 30. Rxd6 Re8 31. Rf6+ Kg8 32. Rg6+ Kf8 33.
Re6 Rc8 34. h4 Rcc2 35. Rg6 Rb1+ 36. Kh2 1-0

[Event "CAN op"]
[Site "Hamilton CAN"]
[Date "2022.07.12"]
[Round "1.84"]
[White "Zhu, Isabelle"]
[Black "Crooks, Israel"]
[Result "1-0"]
[WhiteElo "1179"]
[BlackElo "1611"]
[PlyCount "133"]
[EventDate "2022.07.12"]
[EventType "swiss"]
[EventRounds "9"]
[EventCountry "CAN"]

1. d4 Nf6 2. c4 g6 3. Nc3 Bg7 4. Nf3 d6 5. Bg5 h6 6. Bh4 c6 7. e3 Bg4 8. h3 Bf5
9. Be2 Ne4 10. Nxe4 Bxe4 11. O-O g5 12. Bg3 Nd7 13. Nd2 Nf6 14. Nxe4 Nxe4 15.
Bh2 h5 16. Bxh5 Qa5 17. Bf3 Nd2 18. Re1 Nxc4 19. b3 Na3 20. Rc1 Kd7 21. Bg4+ f5
22. Bf3 Nb5 23. Qd3 e6 24. e4 Nxd4 25. exf5 Nxf5 26. Bg4 Nd4 27. Bxe6+ Kc7 28.
Qg6 Be5 29. Bxe5 dxe5 30. Qg7+ Kb6 31. Rxe5 Qd2 32. Rce1 Raf8 33. f3 Nc2 34.
R1e2 Qc1+ 35. Kh2 Qf4+ 36. Kg1 Nd4 37. R2e4 Qc1+ 38. Re1 Qd2 39. R5e4 c5 40.
Qe5 Rh7 41. Qd6+ Kb5 42. Bc4+ Kb4 43. Qxf8 b5 44. Be6 Rc7 45. Qd6 Rc6 46. Qxc6
Qxe1+ 47. Rxe1 Nxc6 48. Rd1 Nd4 49. Bd5 Kc3 50. Rf1 Ne2+ 51. Kf2 Kd2 52. g3 Nc3
53. Be6 b4 54. h4 gxh4 55. gxh4 Ne2 56. h5 Nf4 57. Bf7 Nh3+ 58. Kg2 Ng5 59. Bg6
Ne6 60. Kg3 a5 61. Rh1 a4 62. bxa4 c4 63. h6 Nf8 64. Be4 c3 65. h7 Nxh7 66.
Bxh7 c2 67. Rh2+ 1-0

[Event "CAN op"]
[Site "Hamilton CAN"]
[Date "2022.07.12"]
[Round "1.85"]
[White "Parchizadeh, Ashkan"]
[Black "Yang, Nathan"]
[Result "1-0"]
[WhiteElo "1608"]
[BlackElo "1169"]
[PlyCount "68"]
[EventDate "2022.07.12"]
[EventType "swiss"]
[EventRounds "9"]
[EventCountry "CAN"]

1. d4 d5 2. c4 c6 3. Nc3 Nf6 4. Bg5 e6 5. e3 Nbd7 6. Nf3 Be7 7. c5 h6 8. Bh4
Rb8 9. Bg3 Ra8 10. h3 b6 11. b4 a5 12. a3 axb4 13. axb4 Rxa1 14. Qxa1 Bb7 15.
Bd3 b5 16. O-O O-O 17. Qa7 Qc8 18. Ra1 Nb8 19. Bxb8 Qxb8 20. Ne5 Qc7 21. Qa5
Qc8 22. Qa2 Nd7 23. Nf3 Qc7 24. Qa5 Qb8 25. e4 e5 26. exd5 cxd5 27. Bxb5 exd4
28. Nxd4 Nxc5 29. bxc5 Qe5 30. Qb4 Bf6 31. Nce2 Qe4 32. c6 Bxd4 33. Qxd4 Qxd4
34. Nxd4 Ra8 1-0

[Event "CAN op"]
[Site "Hamilton CAN"]
[Date "2022.07.12"]
[Round "1.86"]
[White "Dolmer, William"]
[Black "Deshpande, Sarthak"]
[Result "0-1"]
[WhiteElo "1165"]
[BlackElo "1595"]
[PlyCount "51"]
[EventDate "2022.07.12"]
[EventType "swiss"]
[EventRounds "9"]
[EventCountry "CAN"]

1. d4 d5 2. Nf3 Nf6 3. e3 c6 4. c4 e6 5. Nc3 Bd6 6. Bd3 Nbd7 7. O-O dxc4 8.
Bxc4 b5 9. Bb3 O-O 10. Re1 a6 11. e4 e5 12. Bg5 h6 13. Bh4 Bb7 14. Qd2 Rb8 15.
Rad1 Bc7 16. dxe5 Nxe5 17. Qf4 Qe7 18. Bg3 Nh5 19. Qf5 Nxg3 20. hxg3 Bc8 21.
Qh5 Bg4 22. Qh1 Ba5 23. Nxe5 Qxe5 24. Rc1 Bb6 25. Kf1 Qd4 26. Qg1 0-1

[Event "CAN op"]
[Site "Hamilton CAN"]
[Date "2022.07.12"]
[Round "1.87"]
[White "Gao, Justin"]
[Black "Huang, Eric"]
[Result "1-0"]
[WhiteElo "1587"]
[BlackElo "1155"]
[PlyCount "51"]
[EventDate "2022.07.12"]
[EventType "swiss"]
[EventRounds "9"]
[EventCountry "CAN"]

1. e4 e6 2. d4 d5 3. exd5 exd5 4. Nc3 c6 5. Bf4 Nf6 6. Nf3 Bg4 7. Be2 Bb4 8.
Bd2 O-O 9. O-O Qd6 10. h3 Bh5 11. Ne5 Bxe2 12. Nxe2 Bxd2 13. Qxd2 Nbd7 14. Nxd7
Qxd7 15. Ng3 Rfe8 16. Rfe1 Ne4 17. Nxe4 Rxe4 18. Rxe4 dxe4 19. c3 Qd5 20. a3 c5
21. Rd1 Rd8 22. Qe2 Qb3 23. Rd2 cxd4 24. Qxe4 Qc4 25. Rxd4 Rxd4 26. Qe8# 1-0

[Event "CAN op"]
[Site "Hamilton CAN"]
[Date "2022.07.12"]
[Round "1.88"]
[White "Zapata, Edgar"]
[Black "Benggawan, Undriadi"]
[Result "0-1"]
[WhiteElo "1151"]
[BlackElo "1584"]
[PlyCount "82"]
[EventDate "2022.07.12"]
[EventType "swiss"]
[EventRounds "9"]
[EventCountry "CAN"]

1. e4 c5 2. g3 Nc6 3. Bg2 g6 4. Nf3 Bg7 5. O-O Nf6 6. d3 O-O 7. Be3 d6 8. c3
Qb6 9. Qc2 Ng4 10. Bc1 f5 11. h3 fxe4 12. dxe4 Nge5 13. Nbd2 Nxf3+ 14. Nxf3
Bxh3 15. Qb3+ Qxb3 16. axb3 Be6 17. Ra3 a6 18. Be3 Ne5 19. Nxe5 Bxe5 20. f4 Bg7
21. e5 Rab8 22. b4 cxb4 23. cxb4 dxe5 24. fxe5 Rxf1+ 25. Bxf1 Bxe5 26. Bc5 Bxb2
27. Re3 Kf7 28. Rf3+ Bf6 29. Rf4 Bd5 30. Bc4 Rd8 31. g4 g5 32. Bxd5+ Rxd5 33.
Re4 Rd3 34. Kf2 h6 35. Be3 Rc3 36. Bd4 Bxd4+ 37. Rxd4 b5 38. Rd7 Rc4 39. Ra7
Rxg4 40. Rxa6 h5 41. Rb6 Rxb4 0-1